[Event "GRE-chT 44th"]
[Site "Achaia"]
[Date "2016.07.06"]
[Round "2.14"]
[White "Sgouros, Apostolos"]
[Black "Kyriazis, Alexandros"]
[Result "1-0"]
[WhiteElo "2011"]
[BlackElo "1675"]
[PlyCount "83"]
[EventDate "2016.07.05"]
[EventType "team-swiss"]
[EventRounds "7"]
[EventCountry "GRE"]
[SourceTitle "CBM 173 Extra"]
[Source "ChessBase"]
[SourceDate "2016.08.29"]
[SourceVersion "1"]
[SourceVersionDate "2016.08.29"]
[SourceQuality "1"]
[WhiteTeam "Kalamata Poseidon"]
[BlackTeam "Elefsinas STM"]
[WhiteTeamCountry "GRE"]
[BlackTeamCountry "GRE"]

1. Nf3 d5 2. d4 Nf6 3. Bg5 e6 4. e3 Be7 5. Bd3 Bd7 6. Nbd2 Bc6 7. Ne5 Nbd7 8. f4 Nxe5 9. fxe5 Ne4 10. Bxe7 Qxe7 11. Bxe4 dxe4 12. Qg4 0-0-0 13. 0-0-0 f5 14. exf6 gxf6 15. Qh4 Qg7 16. g3 f5 17. c4 b6 18. Kb1 h6 19. Rhf1 Rdg8 20. Rf4 Qg5 21. Qh3 Re8 22. Nb3 Rhf8 23. Qf1 e5 24. dxe5 Rxe5 25. Nd4 Bb7 26. g4 Kb8 27. gxf5 Rg8 28. h3 Qf6 29. Qf2 c5 30. Nb5 Rg5 31. Rd6 Qf8 32. Qd2 Re8 33. Rd7 Rg7 34. Rxg7 Qxg7 35. Qd6+ Ka8 36. Nc7+ Kb8 37. Nxe8+ Ka8 38. Nxg7 a5 39. Qxb6 a4 40. Ne8 a3 41. Nd6 axb2 42. Qxb7# 1-0